| 000 | 01534nam a2200409 a 4500 | ||
|---|---|---|---|
| 001 | ebr10161286 | ||
| 003 | CaPaEBR | ||
| 006 | m u | ||
| 007 | cr cn||||||||| | ||
| 008 | 061018s2006 enka sb 001 0 eng d | ||
| 010 | _z 2006284754 | ||
| 015 |
_aGBA588049 _2bnb |
||
| 016 | 7 |
_z101279439 _2DNLM |
|
| 016 | 7 |
_z013315375 _2Uk |
|
| 020 | _z9780335214174 (pb) | ||
| 020 | _z9780335214181 (hb) | ||
| 020 | _z9780335224692 | ||
| 020 | _z0335214185 (hbk.) | ||
| 020 | _z0335214177 (pbk.) | ||
| 024 | 3 | _a9780335214181 | |
| 024 | 3 | _a9780335214174 | |
| 040 |
_aCaPaEBR _cCaPaEBR |
||
| 035 | _a(OCoLC)246970564 | ||
| 050 | 1 | 4 |
_aRC489.S74 _bD355 2006eb |
| 082 | 0 | 4 |
_a616.8914 _222 |
| 100 | 1 |
_aDallos, Rudi, _d1948- |
|
| 245 | 1 | 0 |
_aAttachment narrative therapy _h[electronic resource] : _bintegrating systemic, narrative, and attachment approaches / _cRudi Dallos. |
| 260 |
_aMaidenhead, Berkshire, England ; _aNew York, NY : _bOpen University Press, _c2006. |
||
| 300 |
_aviii, 189 p. : _bill. |
||
| 504 | _aIncludes bibliographical references (p. [170]-177) and index. | ||
| 533 |
_aElectronic reproduction. _bPalo Alto, Calif. : _cebrary, _d2013. _nAvailable via World Wide Web. _nAccess may be limited to ebrary affiliated libraries. |
||
| 650 | 0 | _aNarrative therapy. | |
| 650 | 0 | _aAttachment behavior. | |
| 655 | 7 |
_aElectronic books. _2local |
|
| 710 | 2 | _aebrary, Inc. | |
| 856 | 4 | 0 |
_uhttp://site.ebrary.com/lib/rucke/Doc?id=10161286 _zAn electronic book accessible through the World Wide Web; click to view |
| 999 |
_c132553 _d132553 |
||